000 00613nam a22001937a 4500
999 _c1143
_d1143
008 191017b ||||| |||| 00| 0 eng d
017 _a2008-387
020 _a9175013120
040 _aNLN
_bEnglish
110 _aCLARETIAN Communications (Clacom)
_92725
245 _aDaily gospel 2005:
_breading and commentary
_cClaretian Communications (Clacom)
260 _aOwerri, Imo State (Nigerian Province, PMB 1019) :
_bClaretian Communications (Clacom) ) ,
_c2005.
300 _b:ill. ;14cm.
563 _a(pbk)
650 _aDevotional calendars/
_951
942 _cBK
050 _aBV4811
_b.C592
082 _a242.2